Statistics for Cities in Qinghai

Click here to take the quiz!

General Stats

  • This quiz has been taken 9 times
  • The average score is 4 of 8

Answer Stats

PopulationCity% Correct
1,150,000Xining
100%
190,000Haixi
50%
20,000Golog
38%
40,000Haibei
38%
80,000Haidong
38%
50,000Hainan
38%
60,000Yushu
38%
30,000Huangnan
25%

Score Distribution

Percentile by Number Answered

Percent of People with Each Score

Your Score History

You have not taken this quiz